| 000 | 01138cam a22003134a 4500 | ||
|---|---|---|---|
| 001 | 16616648 | ||
| 005 | 20201128021221.0 | ||
| 008 | 110120t2012 xxua frbd 001 0 eng d | ||
| 010 | _a2011002070 | ||
| 020 | _a9780078112577 | ||
| 020 | _a0078112575 | ||
| 040 |
_aDLC _cDLC _dDLC _dEG-ScBUE |
||
| 082 | 0 | 0 |
_a658.049 _222 _bLUT |
| 100 | 1 |
_aLuthans, Fred _912155 |
|
| 245 | 1 | 0 |
_aInternational management : _bculture, strategy, and behavior / _cFred Luthans, Jonathan P. Doh. |
| 250 | _a8th ed. | ||
| 260 |
_aNew York, United States : _bMcGraw-Hill Irwin, _cc.2012. |
||
| 300 |
_axxvi, 646 p. : _bill. ; _c28 cm. |
||
| 500 | _aRev. ed. of: International management / Richard M. Hodgetts, Fred Luthans, Jonathan Doh. 6th ed. 2006. | ||
| 500 | _aGlossary : p. 623- 628. | ||
| 500 | _aIncludes indexes. | ||
| 504 | _aBibliography : p .587-622. | ||
| 650 | 0 |
_aInternational business enterprises _xManagement _94507 |
|
| 650 | 0 |
_aInternational business enterprises _xManagement _vCase studies _92700 |
|
| 653 |
_bBUSADM _cFebruary2015 |
||
| 655 |
_vreading book _934232 |
||
| 700 | 1 |
_aDoh, Jonathan P. _912156 |
|
| 942 |
_2ddc _k658.049 LUT |
||
| 999 |
_c19007 _d18979 |
||